00301nam a22000977a 4500082001600000100001700016245013300033260000900166300000600175500002200181 a546.422 OVE aJayaramK.M.V aAn overview of world Thorium resourses,Incentives for futher exploration and forecast for Thorium Requirments in the near future c1987 a0 aPresented article